Cloud Native Apps on Google Cloud Platform (Record no. 12453)

MARC details
000 -LEADER
fixed length control field 00380nam a22001577a 4500
003 - CONTROL NUMBER IDENTIFIER
control field OSt
008 - FIXED-LENGTH DATA ELEMENTS--GENERAL INFORMATION
fixed length control field 240411b |||||||| |||| 00| 0 eng d
020 ## - INTERNATIONAL STANDARD BOOK NUMBER
International Standard Book Number 9789355511232
082 ## - DEWEY DECIMAL CLASSIFICATION NUMBER
Classification number 004.678 GIC
100 ## - MAIN ENTRY--PERSONAL NAME
Personal name GILCHRIST,Alasdair
245 ## - TITLE STATEMENT
Title Cloud Native Apps on Google Cloud Platform
250 ## - EDITION STATEMENT
Edition statement 1st Ed
260 ## - PUBLICATION, DISTRIBUTION, ETC. (IMPRINT)
Place of publication, distribution, etc New Delhi
Name of publisher, distributor, etc BPB
Date of publication, distribution, etc 2022
300 ## - PHYSICAL DESCRIPTION
Extent 396
942 ## - ADDED ENTRY ELEMENTS (KOHA)
Source of classification or shelving scheme Dewey Decimal Classification
Koha item type Text Books
Holdings
Withdrawn status Lost status Source of classification or shelving scheme Damaged status Not for loan Collection code Home library Current library Date acquired Source of acquisition Currency Cost, normal purchase price Bill Number Total Checkouts Full call number Acc. no. / Barcode Date last seen Actual Cost, discounted price Bill Date Koha item type Date last borrowed
    Dewey Decimal Classification     Computer Science & Engineering in Cyber Security PIET C-LIBRARY PIET C-LIBRARY 23/03/2024 Zafaa Books and Distributors In rupees 999.00 ZBD0447   004.678 GIC 35738 11/04/2024 729.27 23/03/2024 Reference Books  
    Dewey Decimal Classification     Computer Science & Engineering in Cyber Security PIET C-LIBRARY PIET C-LIBRARY 23/03/2024 Zafaa Books and Distributors In rupees 999.00 ZBD0447 1 004.678 GIC 35739 18/08/2025 729.27 23/03/2024 Text Books 05/08/2025
    Dewey Decimal Classification     Computer Science & Engineering in Cyber Security PIET C-LIBRARY PIET C-LIBRARY 23/03/2024 Zafaa Books and Distributors In rupees 999.00 ZBD0447   004.678 GIC 35740 11/04/2024 729.27 23/03/2024 Text Books  
    Dewey Decimal Classification     Computer Science & Engineering in Cyber Security PIET C-LIBRARY PIET C-LIBRARY 23/03/2024 Zafaa Books and Distributors In rupees 999.00 ZBD0447   004.678 GIC 35741 11/04/2024 729.27 23/03/2024 Text Books  
    Dewey Decimal Classification     Computer Science & Engineering in Cyber Security PIET C-LIBRARY PIET C-LIBRARY 23/03/2024 Zafaa Books and Distributors In rupees 999.00 ZBD0447   004.678 GIC 35742 11/04/2024 729.27 23/03/2024 Text Books  

Design & Developed by: PIET Central Library
R70 Miles Stone Pattikalyana Samalkha Panipat 132102
mail ID :- [email protected], Phone No:- 0180-2569700 Ex.216